Storia de la retorica.

Bewaard in:
Bibliografische gegevens
Hoofdauteur: Vickers, Brian (autore)
Formaat: Boek
Gepubliceerd in: Bologna, Italia: Il Mulino, 1994.
Onderwerpen:
Tags: Voeg label toe
Geen labels, Wees de eerste die dit record labelt!

MARC

LEADER 00000nam a22000007a 4500
003 CL-VaPUC
005 20220822114738.0
008 220727t1994 ||||| |||| 00| 0 eng d
999 |c 437683  |d 437681 
020 |a 88-15-04638-0 
040 |c Pontificia Universidad Católica de Valparaíso 
082 7 |a 808 VIC 1994  |2 22 
100 |a Vickers, Brian  |9 303428  |e autore 
245 |a Storia de la retorica. 
260 |a Bologna, Italia:  |b Il Mulino,   |c 1994. 
300 |a 649 páginas.  
500 |a c.1 Donación Familia Prof. Alejandro Guzmán Brito. 
583 |c 20220727  |k Cristina María Rojas Aguilar 
650 |a Retórica  |9 266620 
942 |2 ddc  |c BK  |n 0 
952 |0 0  |1 0  |2 ddc  |4 0  |6 808_000000000000000_VIC_1994  |7 0  |8 C_AGB  |9 585473  |a BIBDER  |b BIBDER  |d 2022-07-27  |e Donación   |i 5653490  |o 808 VIC 1994  |p 5653490  |r 2023-01-25  |t 1  |w 2022-07-27  |y BK_US  |k AGB